Brazil : a mask called progress
Αποθηκεύτηκε σε:
| Κύριος συγγραφέας: | |
|---|---|
| Μορφή: | Βιβλίο |
| Γλώσσα: | English |
| Δημοσίευση: |
Oxford :
Oxfam,
c1991
|
| Θέματα: | |
| Ετικέτες: |
Προσθήκη ετικέτας
Δεν υπάρχουν, Καταχωρήστε ετικέτα πρώτοι!
|
MARC
| LEADER | 00000nam a2200000 i 4500 | ||
|---|---|---|---|
| 001 | 1/80155 | ||
| 008 | 990507s1991 eng d | ||
| 020 | |a 0-85598-091-5 | ||
| 035 | |l 10050564 | ||
| 040 | |a GR-MY-UA |b gre |e aacr | ||
| 041 | 0 | |a eng | |
| 082 | 0 | |a 330.9811064 | |
| 100 | 1 | |a MacDonald, Neil |d 1950- | |
| 245 | 1 | 0 | |a Brazil : |b a mask called progress / |c Neil MacDonald |
| 260 | |a Oxford : |b Oxfam, |c c1991 | ||
| 300 | |a 121 p. |b fig. | ||
| 500 | |a "An Oxfam report" | ||
| 504 | |a Includes bibliographical references and index | ||
| 651 | 0 | |a Brazil, North |x Economic conditions. | |
| 651 | 0 | |a Brazil, North |x Social conditions. | |
| 651 | 0 | |a Amazon River Region |x Economic conditions. | |
| 651 | 0 | |a Amazon River Region |x Social conditions. | |
| 852 | |a INST |b LESVOS |e 19990507 |h 330.9811064 MAC |p 005100016309 |q 005100016309 |t BK |y 0 | ||
| 901 | |a BIBL1-1999-2 | ||
| 909 | |a Λ |b 061854 | ||
| 922 | |a 1ΕΛΗ |b 199812 |c ΚΠΣ/ΤΚ |d ΠΑΠΑΣΩΤΗΡΙΟΥ | ||
| 950 | |a 103-1998-07-27 | ||